000 00470nam a2200181Ia 4500
008 090124s9999 xx 000 0 und d
082 _b30511
_a7303
100 _aकरंदीकर सुमा
245 _a जिद्द
250 _a1
260 _c2000
300 _a168
600 _aकरंदीकर सुमा
630 _a जिद्द
700 _aकरंदीकर सुमा
730 _a जिद्द
942 _cBOOK
999 _c143992
_d143992